[Event "AUTO-MASTER-2504"]
[Site "http://www.queenalice.com/game.php?id=1438040"]
[Date "2016.8.27"]
[Round "1"]
[White "lobsomem"]
[Black "rl793"]
[Result "0-1"]
[WhiteElo "2242"]
[BlackElo "2075"]

1. e4 c5 2. Nc3 e6 3. f4 Nc6 4. Nf3 d5 5. d3 g6 6. g3 Bg7 7. Bg2 Nge7 8. O-O O-O
9. Bd2 Nd4 10. Rb1 b6 11. Ne2 Nxf3+ 12. Bxf3 dxe4 13. dxe4 Ba6 14. e5 Qc7 15.
Re1 Nf5 16. Nc3 Rad8 17. Be2 Bb7 0-1

[Event "AUTO-MASTER-2504"]
[Site "http://www.queenalice.com/game.php?id=1438041"]
[Date "2016.8.27"]
[Round "1"]
[White "rl793"]
[Black "lobsomem"]
[Result "1-0"]
[WhiteElo "2051"]
[BlackElo "2260"]

1. d4 d5 2. c4 dxc4 3. e3 Nf6 4. Bxc4 e6 5. Nf3 a6 6. O-O b5 7. Bd3 Nbd7 8. a4
b4 9. e4 Bb7 10. Bg5 Be7 11. Nbd2 c5 12. e5 Nd5 13. Bxe7 Qxe7 14. Ne4 O-O 15.
Nd6 Bc6 16. Re1 Nf4 17. Rc1 Bxa4 18. Bxh7+ Kxh7 19. Qxa4 Nd3 20. Qc2 1-0

[Event "AUTO-ELITE-1735"]
[Site "http://www.queenalice.com/game.php?id=1442035"]
[Date "2016.9.19"]
[Round "1"]
[White "mmagari"]
[Black "lobsomem"]
[Result "1-0"]
[WhiteElo "2417"]
[BlackElo "2172"]

1. Nc3 Nf6 2. g3 d5 3. Bg2 e6 4. d3 c5 5. Bg5 Nbd7 6. e4 d4 7. Nce2 Be7 8. Nf3
O-O 9. O-O h6 10. Bf4 Re8 11. c3 dxc3 12. bxc3 Nh5 13. Be3 e5 14. c4 Qc7 15. Nc3
Nhf6 16. Rb1 Nf8 17. Nd5 Nxd5 18. cxd5 b6 19. Nd2 Bg5 20. f4 exf4 21. gxf4 Bh4
22. Nc4 Bb7 23. Qh5 Qd8 24. Bxc5 Qxd5 25. exd5 1-0

[Event "AUTO-ELITE-1735"]
[Site "http://www.queenalice.com/game.php?id=1442036"]
[Date "2016.9.19"]
[Round "1"]
[White "lobsomem"]
[Black "mmagari"]
[Result "0-1"]
[WhiteElo "2224"]
[BlackElo "2379"]

1. e4 g6 2. d3 Bg7 3. Nd2 d6 4. f4 Nc6 5. Ngf3 Nf6 6. g3 e5 7. fxe5 dxe5 8. Nc4
Bg4 9. Bg2 Qe7 10. h3 Be6 11. Ne3 Nh5 12. Nf1 O-O-O 13. Be3 Qb4+ 14. Bd2 Qxb2
15. Bc3 Qxc3+ 16. Kf2 Qc5+ 0-1

[Event "AUTO-ELITE-1735"]
[Site "http://www.queenalice.com/game.php?id=1442041"]
[Date "2016.9.19"]
[Round "1"]
[White "ringup478689"]
[Black "lobsomem"]
[Result "1-0"]
[WhiteElo "2319"]
[BlackElo "2220"]

1. d4 d5 2. c3 Nf6 3. Nf3 Bf5 4. Bf4 e6 5. Qb3 b6 6. Qa4+ Nfd7 7. c4 dxc4 8. e3
c5 9. Bxc4 Be7 10. Bxb8 Rxb8 11. Ne5 cxd4 12. exd4 f6 13. Nc6 Qc7 14. Nxb8 Qxb8
15. Nc3 e5 16. O-O Kf8 17. Nd5 exd4 18. Nxe7 Kxe7 19. Rfe1+ Kd8 20. Bb5 d3 21.
Qd4 1-0

[Event "AUTO-ELITE-1735"]
[Site "http://www.queenalice.com/game.php?id=1442042"]
[Date "2016.9.19"]
[Round "1"]
[White "lobsomem"]
[Black "ringup478689"]
[Result "0-1"]
[WhiteElo "2230"]
[BlackElo "2307"]

1. e4 d6 2. d4 Nf6 3. Nc3 Nbd7 4. f4 e5 5. Nf3 exd4 6. Nxd4 Nc5 7. Bd3 Be7 8.
O-O O-O 9. Kh1 Re8 10. b4 Nxd3 11. cxd3 d5 12. a3 c5 13. Nc2 dxe4 14. dxe4 Nxe4
15. Qxd8 Bxd8 16. Bb2 Bd7 17. Rfe1 Nf2+ 18. Kg1 Nd3 19. Red1 Bf5 20. Rab1 Nxb2
21. Rxb2 Bf6 0-1

[Event "AUTO-MASTER-2514"]
[Site "http://www.queenalice.com/game.php?id=1442210"]
[Date "2016.9.21"]
[Round "1"]
[White "bobifixer"]
[Black "lobsomem"]
[Result "0-1"]
[WhiteElo "2084"]
[BlackElo "2164"]

1. Nf3 d5 2. d4 Nf6 3. g3 Bf5 4. Bg2 Nbd7 5. O-O e6 6. Bg5 Be7 7. Nbd2 h6 8.
Bxf6 Nxf6 9. c3 O-O 10. Nh4 Bh7 11. Re1 Ne4 12. Nhf3 c5 13. e3 b5 14. a3 Qb6 15.
Ne5 Nf6 16. Rc1 a5 17. h3 b4 18. axb4 axb4 19. cxb4 cxd4 20. Rc6 Qxb4 21. exd4
Qxd4 22. b3 Bb4 23. Re2 Bxd2 24. Qxd2 Qxd2 25. Rxd2 Rfc8 26. Rxc8+ Rxc8 27. Rb2
Be4 28. Bxe4 Nxe4 29. b4 Rb8 30. b5 f6 31. Nc6 Rb6 32. Ne7+ Kf7 33. Nc8 Rb8 34.
Na7 Nd6 35. b6 Nc4 36. Nc6 Rxb6 37. Rxb6 Nxb6 38. Nd4 g6 39. Kf1 e5 40. Nb5 f5
41. Ke2 Ke6 42. Kd3 Kd7 43. f3 Kc6 44. Nc3 d4 45. Ne2 Kd5 46. h4 e4+ 47. fxe4+
fxe4+ 48. Kd2 Nc4+ 49. Ke1 g5 50. hxg5 hxg5 51. Kf2 d3 52. Nc3+ Ke5 53. Nd1 Kd4
0-1

[Event "AUTO-MASTER-2514"]
[Site "http://www.queenalice.com/game.php?id=1442211"]
[Date "2016.9.21"]
[Round "1"]
[White "lobsomem"]
[Black "bobifixer"]
[Result "1/2-1/2"]
[WhiteElo "2167"]
[BlackElo "2083"]

1. e4 c5 2. Nc3 Nc6 3. f4 d6 4. Nf3 Bg4 5. g3 Nf6 6. Bg2 e6 7. O-O Be7 8. d3 Nd4
9. Be3 Bxf3 10. Bxf3 Nxf3+ 11. Qxf3 Qd7 12. Rad1 O-O 13. g4 Qc6 14. f5 d5 15. e5
Nd7 16. Bf4 exf5 17. Nxd5 Bd8 18. gxf5 Kh8 19. f6 gxf6 20. exf6 Rc8 21. Bh6 Rg8+
22. Bg7+ Rxg7+ 23. fxg7+ Kxg7 24. Qxf7+ Kh6 25. Nf6 Bxf6 26. Rf5 Bd4+ 27. Kf1
Qh1+ 28. Ke2 Qxh2+ 29. Kf1 Qg1+ 30. Ke2 Qg2+ 31. Ke1 Nf6 32. Rxf6+ Bxf6 33.
Qxf6+ Qg6 34. Qh4+ Kg7 35. Qe7+ Qf7 36. Qg5+ Qg6 37. Qe5+ Kh6 38. Qe3+ Kg7 39.
Kd2 Qf6 40. Rh1 Rf8 41. Qe4 Qf4+ 42. Kc3 1/2-1/2

[Event "AUTO-MASTER-2514"]
[Site "http://www.queenalice.com/game.php?id=1442222"]
[Date "2016.9.21"]
[Round "1"]
[White "CCapivara"]
[Black "lobsomem"]
[Result "1/2-1/2"]
[WhiteElo "2213"]
[BlackElo "2231"]

1. e4 c6 2. d4 d5 3. exd5 Qxd5 4. Nf3 Bg4 5. Be2 Nf6 6. O-O e6 7. Bf4 Be7 8. c4
Qd8 9. Nc3 O-O 10. Qd3 Bd6 11. Bxd6 Qxd6 12. Rad1 Nbd7 13. a3 Qf4 14. b4 Bf5 15.
Qd2 Qc7 16. h3 h6 17. Bd3 Bxd3 18. Qxd3 Rad8 1/2-1/2

[Event "AUTO-MASTER-2514"]
[Site "http://www.queenalice.com/game.php?id=1442223"]
[Date "2016.9.21"]
[Round "1"]
[White "lobsomem"]
[Black "CCapivara"]
[Result "1/2-1/2"]
[WhiteElo "2232"]
[BlackElo "2212"]

1. e4 d6 2. d4 Nf6 3. Bd3 e5 4. c3 Be7 5. Nf3 Bg4 6. h3 Bxf3 7. Qxf3 O-O 8. Bg5
Nbd7 9. Nd2 c6 10. Nc4 Qc7 11. Ne3 Rae8 12. Nf5 d5 13. exd5 exd4 14. O-O dxc3
15. Nxe7+ Rxe7 16. bxc3 cxd5 17. Rad1 Ne5 18. Qg3 Nxd3 19. Qxc7 Rxc7 20. Bxf6
Nc5 21. Be5 1/2-1/2

[Event "AUTO-MASTER-2514"]
[Site "http://www.queenalice.com/game.php?id=1442230"]
[Date "2016.9.21"]
[Round "1"]
[White "lobsomem"]
[Black "Gera"]
[Result "1-0"]
[WhiteElo "2217"]
[BlackElo "2056"]

1. e4 c5 2. Nc3 Nc6 3. f4 b6 4. Nf3 Bb7 5. g3 d6 6. Bg2 g6 7. O-O Bg7 8. d3 Nf6
9. Kh1 O-O 10. Be3 Qd7 11. Qd2 e5 12. fxe5 dxe5 13. Bg5 Rad8 14. Nxe5 Nxe5 15.
Bxf6 Bxf6 16. Rxf6 b5 17. Raf1 a6 18. Qg5 Qd4 19. Nd1 Nd7 20. R6f4 Bc8 21. Rh4
Qg7 22. Ne3 Ne5 23. Nd5 Rd6 24. Rf6 Rxd5 25. exd5 Re8 26. Re4 Bf5 27. Re2 Kf8
28. Rxa6 f6 29. Rxf6+ Kg8 30. Rb6 h6 31. Qf4 Re7 32. d6 Re6 33. Rb8+ Kh7 34. Rb7
1-0

[Event "AUTO-MASTER-2514"]
[Site "http://www.queenalice.com/game.php?id=1442231"]
[Date "2016.9.21"]
[Round "1"]
[White "Gera"]
[Black "lobsomem"]
[Result "0-1"]
[WhiteElo "2075"]
[BlackElo "2192"]

1. d4 d5 2. c4 e5 3. dxe5 d4 4. Nf3 Nc6 5. e3 Bb4+ 6. Bd2 dxe3 7. fxe3 Bg4 8.
Be2 Nge7 9. Qa4 Bxd2+ 10. Nbxd2 O-O 11. Rd1 Nf5 12. Ne4 Qe7 13. Rd3 Nxe5 14.
Nxe5 Bxe2 15. Kxe2 Qxe5 16. Nc3 Rfe8 17. e4 Nd6 18. c5 Nxe4 19. Nxe4 Qxe4+ 20.
Qxe4 Rxe4+ 21. Kf3 Rae8 22. Rf1 f5 23. g3 Re2 24. Rf2 Rxf2+ 25. Kxf2 Kf7 26. b4
c6 27. Rd4 Kf6 28. a4 Re4 29. Rd6+ Ke7 30. b5 cxb5 31. axb5 Rb4 32. b6 axb6 33.
Rxb6 Rxb6 34. cxb6 Kd6 35. Kf3 g5 36. h4 h6 37. h5 Kc5 38. Ke3 Kxb6 39. Kd4 Kc6
40. Ke5 f4 41. gxf4 gxf4 42. Kxf4 b5 43. Ke4 Kc5 44. Kd3 Kb4 45. Kc2 Ka3 46. Kb1
Kb3 47. Kc1 Ka2 0-1

[Event "AUTO-ELITE-1736"]
[Site "http://www.queenalice.com/game.php?id=1442423"]
[Date "2016.9.23"]
[Round "1"]
[White "lobsomem"]
[Black "Eduardomoreto67"]
[Result "0-1"]
[WhiteElo "2224"]
[BlackElo "2221"]

1. e4 c5 2. Nc3 Nc6 3. f4 d6 4. Nf3 Nf6 5. Bb5 Bd7 6. O-O e6 7. Re1 Be7 8. Bf1
O-O 9. g3 a6 10. d3 b5 11. Bg2 b4 12. Ne2 a5 13. e5 Nd5 14. exd6 Bxd6 15. Bd2
Rc8 16. Ng5 h6 17. Ne4 Be7 18. Kh1 f5 19. Nf2 g5 20. Ng1 g4 21. h4 Bxh4 22. Ne2
Bf6 23. c3 h5 24. Bxd5 exd5 25. Kg2 h4 26. Rh1 Kg7 27. gxh4 Bxh4 28. d4 cxd4 29.
cxd4 Rh8 30. Nd3 Bf6 31. Qb3 Nxd4 32. Nxd4 Bxd4 33. Ne5 Be6 34. Rae1 Qf6 35. a3
Rxh1 36. Kxh1 Qh4+ 0-1

[Event "AUTO-ELITE-1736"]
[Site "http://www.queenalice.com/game.php?id=1442424"]
[Date "2016.9.23"]
[Round "1"]
[White "Eduardomoreto67"]
[Black "lobsomem"]
[Result "0-1"]
[WhiteElo "2234"]
[BlackElo "2211"]

1. e4 c5 2. Nf3 Nc6 3. d4 cxd4 4. Nxd4 Nf6 5. Nc3 e5 6. Nxc6 bxc6 7. Bg5 Bb4 8.
Qd3 Qa5 9. Bxf6 Bxc3+ 10. Qxc3 Qxc3+ 11. bxc3 gxf6 12. Bc4 d6 13. O-O-O Ke7 14.
h3 f5 15. exf5 Bxf5 16. Rhe1 Be6 17. Bb3 a5 18. Bxe6 Kxe6 19. f4 f6 20. fxe5
fxe5 21. Re4 Rhg8 22. Rh4 Ra7 23. Rh6+ Rg6 24. Rxg6+ hxg6 25. Rd3 Rf7 26. g4 Rf4
27. Rg3 g5 28. Re3 d5 29. Rg3 e4 30. Re3 Ke5 31. Kd2 Rf2+ 32. Kc1 Rf3 33. Kd2
Kf4 0-1

[Event "AUTO-ELITE-1736"]
[Site "http://www.queenalice.com/game.php?id=1442425"]
[Date "2016.9.23"]
[Round "1"]
[White "lobsomem"]
[Black "ravenga"]
[Result "0-1"]
[WhiteElo "2209"]
[BlackElo "2233"]

1. e4 Nf6 2. e5 Nd5 3. c4 Nb6 4. c5 Nd5 5. Bc4 e6 6. Nc3 Bxc5 7. Nxd5 exd5 8.
Bxd5 O-O 9. d4 Bb6 10. Nf3 c6 11. Be4 f5 12. Bd3 d6 13. O-O dxe5 14. Nxe5 Be6
15. Nf3 Nd7 16. Re1 Bd5 17. Bg5 Nf6 18. Bxf5 Qd6 19. Bc2 Ng4 20. Ne5 Nxe5 21.
Rxe5 Rxf2 22. Qd3 Rxg2+ 23. Kf1 Rf8+ 24. Rf5 Rxf5+ 25. Qxf5 Rxh2 26. Bf4 Rh1+
27. Ke2 Bc4+ 28. Kf3 Qd5+ 0-1

[Event "AUTO-ELITE-1736"]
[Site "http://www.queenalice.com/game.php?id=1442426"]
[Date "2016.9.23"]
[Round "1"]
[White "ravenga"]
[Black "lobsomem"]
[Result "1-0"]
[WhiteElo "2244"]
[BlackElo "2203"]

1. e4 c5 2. Nf3 Nc6 3. d4 cxd4 4. Nxd4 Nf6 5. f3 e5 6. Nb5 a6 7. Nd6+ Bxd6 8.
Qxd6 Nxe4 9. fxe4 Qh4+ 10. Kd1 Qxe4 11. Nc3 Qg4+ 12. Be2 Qxg2 13. Qd5 Qg6 14.
Be3 O-O 15. Rg1 Qf6 16. Ne4 Qe6 17. Qd6 f5 18. Qxe6+ dxe6 19. Nc5 Nd4 20. Bxd4
exd4 21. Bc4 Kf7 22. Nd3 Kf6 23. Re1 Re8 24. Ne5 b5 25. Bb3 Re7 26. a4 Bb7 27.
axb5 axb5 28. Rxa8 Bxa8 29. Kd2 Be4 30. Nd3 Bxd3 31. cxd3 g5 32. Rc1 g4 33. Rc5
e5 34. Rxb5 f4 35. Bd5 f3 36. Rb7 Rxb7 37. Bxb7 h5 38. b4 Ke6 39. Be4 Kd6 40.
Bg6 h4 41. Bh5 f2 42. Ke2 g3 43. hxg3 hxg3 44. Bf3 Kc7 45. Bg2 Kb6 46. Kf3 Kb5
47. Kxg3 e4 48. dxe4 d3 49. Bf1 1-0

[Event "AUTO-MASTER-2491"]
[Site "http://www.queenalice.com/game.php?id=1450403"]
[Date "2016.11.15"]
[Round "2"]
[White "lobsomem"]
[Black "capaputi"]
[Result "0-1"]
[WhiteElo "2188"]
[BlackElo "2339"]

1. d4 c5 2. d5 Nf6 3. Nc3 b5 4. Nxb5 Bb7 5. c4 a6 6. Nc3 g6 7. e4 d6 8. Bd3 Bg7
9. Nge2 e5 10. O-O O-O 11. Bg5 Nbd7 12. Qd2 Re8 0-1

[Event "AUTO-MASTER-2491"]
[Site "http://www.queenalice.com/game.php?id=1450406"]
[Date "2016.11.15"]
[Round "2"]
[White "lobsomem"]
[Black "jovelino"]
[Result "1-0"]
[WhiteElo "2174"]
[BlackElo "2316"]

1. e4 c5 2. Nc3 Nc6 3. f4 g6 4. Nf3 Bg7 5. g3 e6 6. Bg2 Nge7 7. d3 O-O 8. O-O f5
9. Be3 b6 10. Qd2 Bb7 11. e5 d6 12. Nb5 dxe5 13. Nxe5 Nd5 14. Bf2 Nxe5 15. fxe5
Qd7 16. Nd6 Bc6 17. d4 cxd4 18. Bxd4 Ne7 19. Rad1 Bxg2 20. Qxg2 Qc6 21. Qe2 Rfd8
22. Rf3 Nd5 23. c3 a6 24. Rfd3 b5 25. a3 Bf8 26. Qd2 Rd7 27. Re1 h6 28. Qg2 Rad8
29. Qf3 1-0

[Event "AUTO-MASTER-2491"]
[Site "http://www.queenalice.com/game.php?id=1450407"]
[Date "2016.11.15"]
[Round "2"]
[White "jovelino"]
[Black "lobsomem"]
[Result "1-0"]
[WhiteElo "2296"]
[BlackElo "2181"]

1. e4 e5 2. Nf3 f5 3. exf5 Qe7 4. Nc3 Nf6 5. Bc4 d6 6. Ng5 d5 7. Nxd5 Nxd5 8.
Qh5+ Kd7 9. Bxd5 c6 10. Be6+ Kc7 11. Nf7 g6 12. Qe2 Bxe6 13. Qxe5+ Kb6 14. fxe6
Nd7 15. Qe3+ 1-0